Wie viel Gemeinschaft braucht die Erziehung? : Die moralerzieherischen Implikationen der Liberalismus-/Kommunitarismus-Debate
Αποθηκεύτηκε σε:
| Κύριος συγγραφέας: | |
|---|---|
| Μορφή: | Βιβλίο |
| Γλώσσα: | German |
| Δημοσίευση: |
Munster :
LIT,
2003
|
| Σειρά: | Philosophie in der Schule ;
; 6 |
| Θέματα: | |
| Ετικέτες: |
Προσθήκη ετικέτας
Δεν υπάρχουν, Καταχωρήστε ετικέτα πρώτοι!
|
MARC
| LEADER | 00000nam a2200000 i 4500 | ||
|---|---|---|---|
| 001 | 1/47454 | ||
| 008 | 040121s2003 ger d | ||
| 020 | |a 3-8258-7080-4 | ||
| 035 | |l 10072080 | ||
| 040 | |a GR-MY-UA |b gre |e aacr | ||
| 041 | 0 | |a ger | |
| 082 | 0 | |a 370.1 | |
| 100 | 1 | |a Binder, Ulrich. | |
| 245 | 1 | 0 | |a Wie viel Gemeinschaft braucht die Erziehung? : |b Die moralerzieherischen Implikationen der Liberalismus-/Kommunitarismus-Debate / |c Ulrich Binder |
| 260 | |a Munster : |b LIT, |c 2003 | ||
| 300 | |a 264 p. | ||
| 490 | 1 | |a Philosophie in der Schule |v ; 6 | |
| 504 | |a Includes bibliographical references | ||
| 650 | 0 | 0 | |a Education |x Philosophy. |
| 650 | 0 | 0 | |a Politics and education. |
| 650 | 0 | 0 | |a Educational sociology. |
| 830 | 0 | |a Philosophie in der Schule ; |v ; 6 | |
| 852 | |a INST |b RHODES |e 20040121 |h 370.1 BIN |p 005400019572 |q 005400019572 |t BK |y 0 | ||
| 901 | |a BIBL4-2004-1 | ||
| 909 | |a Ρ |b 108153 | ||
| 922 | |a 4ΕΛΗ |b 200312 |c ΕΠΕΑΕΚ2/ΤΕΠΑΕΣ |d ΜΙΧΑΛΟΠΟΥΛΟΣ | ||
| 950 | |a 096-2003-10-23 | ||
| 970 | |a ΚΟΥΛΑΚΙΟΤΗ |b ΛΙΤΣΑ |z 2004/02/27 | ||